Freguesias de Albergaria-a-Velha - Statistics

Estatísticas Gerais
  • Esse quiz foi jogado 3 vezes
  • A pontuação média é 4 de 8
Estatísticas das Respostas
Número Freguesias % Correto
1 Albergaria-a-Velha
100%
4 Branca
100%
3 Angeja
67%
2 Alquerubim
33%
5 Frossos
33%
6 Ribeira de Fráguas
33%
7 São João de Loure
33%
8 Valmaior
33%
Nenhum quiz correspondente encontrado
Distribuição das Pontuações
Porcentagem de Pessoas com Cada Pontuação
Percentil de Números Respondidos
Sua Pontuação Histórica
Você não jogou esse quiz